Física: para ciencias e ingeniería
Uloženo v:
| Hlavní autoři: | , |
|---|---|
| Médium: | Kniha |
| Jazyk: | španělština |
| Vydáno: |
Ciudad de México
Cencage Learning
2015
|
| Vydání: | 9a. ed |
| Témata: | |
| Tagy: |
Přidat tag
Žádné tagy, Buďte první, kdo vytvoří štítek k tomuto záznamu!
|
MARC
| LEADER | 00000cam a2200000 a 4500 | ||
|---|---|---|---|
| 001 | UCE1493 | ||
| 003 | CL-VaPUC | ||
| 005 | 20241014161739.0 | ||
| 008 | 140502e20150000mx |||||||||||||||||spa|d | ||
| 999 | |c 355269 |d 355267 | ||
| 020 | |a 9786075191980v.1 | ||
| 020 | |a 9786075191997v.2 | ||
| 040 | |c Pontificia Universidad Católica de Valparaíso | ||
| 082 | 0 | 4 | |a 530 |b SER |2 21 |
| 100 | 0 | |a Serway, Raymond A |e author |9 254 | |
| 245 | 1 | 0 | |a Física: para ciencias e ingeniería |
| 250 | |a 9a. ed | ||
| 260 | |a Ciudad de México |b Cencage Learning |c 2015 | ||
| 300 | |a v | ||
| 583 | |a last modification |c 20150701 02:51:44 |k Rodrigo Vera | ||
| 650 | 0 | |a Física |9 260123 | |
| 650 | 0 | |a Mecánica |9 263171 | |
| 650 | 0 | |a Termodinámica |x Temperatura |x Entropía |9 354949 | |
| 650 | 0 | |a Sonido |x Ondas sonoras |9 891809 | |
| 650 | 0 | |a Onda mecánica |x Onda electromagnética |9 891798 | |
| 650 | 0 | |a Electricidad |9 260222 | |
| 650 | 0 | |a Electromagnetismo |x Dieléctrico |9 892270 | |
| 650 | 0 | |a Óptica física |x Óptica geométrica |x Ojo humano |9 892271 | |
| 650 | 0 | |a Relatividad |9 269977 | |
| 700 | 0 | |a Jewtt, John W |e author |9 573831 | |
| 942 | |c BK |2 ddc | ||
| 945 | |d 20140502 10:02:00 |a cmena | ||
| 952 | |0 0 |1 0 |3 erb |4 0 |6 530_000000000000000_SER_2015 |7 0 |8 R |9 461884 |a BIBAGR |b BIBAGR |h v.2 |i 5073332 |o 530 SER 2015 |p 5073332 |r 2025-01-20 |w 2019-11-23 |y BK_R |z Catalogado en:20140502 |k AGR | ||
| 952 | |0 0 |1 0 |3 erb |4 0 |6 530_000000000000000_SER_2015 |7 0 |8 R |9 461885 |a BIBAGR |b BIBAGR |h v.2 |i 5073340 |o 530 SER 2015 |p 5073340 |r 2025-01-20 |w 2019-11-23 |y BK_R |z Catalogado en:20140502 |k AGR | ||
| 952 | |0 0 |1 0 |3 erb |4 0 |6 530_000000000000000_SER_2015 |7 0 |8 R |9 461886 |a BIBAGR |b BIBAGR |h v.2 |i 5073359 |o 530 SER 2015 |p 5073359 |r 2025-01-20 |w 2019-11-23 |y BK_R |z Catalogado en:20140502 |k AGR | ||
| 952 | |0 0 |1 0 |3 erb |4 0 |6 530_000000000000000_SER_2015 |7 0 |8 R |9 461887 |a BIBAGR |b BIBAGR |h v.2 |i 5073367 |o 530 SER 2015 |p 5073367 |r 2025-01-20 |w 2019-11-23 |y BK_R |z Catalogado en:20140502 |k AGR | ||
| 952 | |0 0 |1 0 |3 erb |4 0 |6 530_000000000000000_SER_2015 |7 0 |8 R |9 461888 |a BIBAGR |b BIBAGR |h v.2 |i 5073375 |o 530 SER 2015 |p 5073375 |r 2025-01-20 |w 2019-11-23 |y BK_R |z Catalogado en:20140502 |k AGR | ||
| 952 | |0 0 |1 0 |3 erb |4 0 |6 530_000000000000000_SER_2015 |7 0 |8 R |9 461889 |a BIBAGR |b BIBAGR |h v.2 |i 5073383 |o 530 SER 2015 |p 5073383 |r 2025-01-20 |w 2019-11-23 |y BK_R |z Catalogado en:20140502 |k AGR | ||
| 952 | |0 0 |1 0 |3 erb |4 0 |6 530_000000000000000_SER_2015 |7 0 |8 R |9 461890 |a BIBAGR |b BIBAGR |h v.2 |i 5073391 |o 530 SER 2015 |p 5073391 |r 2025-01-20 |w 2019-11-23 |y BK_R |z Catalogado en:20140502 |k AGR | ||
| 952 | |0 0 |1 0 |3 erb |4 0 |6 530_000000000000000_SER_2015 |7 0 |8 R |9 461891 |a BIBAGR |b BIBAGR |h v.2 |i 5073405 |o 530 SER 2015 |p 5073405 |r 2025-01-20 |w 2019-11-23 |y BK_R |z Catalogado en:20140502 |k AGR | ||
| 952 | |0 0 |1 0 |3 erb |4 0 |6 530_000000000000000_SER_2015 |7 0 |8 R |9 461892 |a BIBAGR |b BIBAGR |h v.2 |i 5073413 |o 530 SER 2015 |p 5073413 |r 2025-01-20 |w 2019-11-23 |y BK_R |z Catalogado en:20140502 |k AGR | ||
| 952 | |0 0 |1 0 |3 erb |4 0 |6 530_000000000000000_SER_2015 |7 0 |8 R |9 461893 |a BIBAGR |b BIBAGR |h v.2 |i 5073421 |o 530 SER 2015 |p 5073421 |r 2025-01-20 |w 2019-11-23 |y BK_R |z Catalogado en:20140502 |k AGR | ||
| 952 | |0 0 |1 0 |2 ddc |3 erb |4 0 |6 530_000000000000000_SER_2015 |7 0 |8 A |9 461894 |a BIBING |b BIBING |c RES |h v.1 |i 5134234 |l 2 |m 1 |o 530 SER 2015 |p 5134234 |r 2025-01-20 |s 2024-09-05 |w 2019-11-23 |y BK |z Catalogado en:20150109 |k CCL | ||
| 952 | |0 0 |1 0 |2 ddc |3 erb |4 0 |6 530_000000000000000_SER_2015 |7 0 |8 A |9 461895 |a BIBING |b BIBING |c RES |h v.1 |i 5134226 |l 6 |m 5 |o 530 SER 2015 |p 5134226 |r 2025-03-24 |s 2025-03-24 |w 2019-11-23 |y BK |z Catalogado en:20150109 |k CCL | ||
| 952 | |0 0 |1 0 |2 ddc |3 erb |4 0 |6 530_000000000000000_SER_2015 |7 0 |8 CCM |9 461896 |a BIBCUR |b BIBCUR |h v.1 |i 5169038 |l 9 |m 1 |o 530 SER 2015 |p 5169038 |r 2025-04-22 |s 2024-12-02 |w 2019-11-23 |y BK |z Catalogado en:20150703 |k CIM | ||
| 952 | |0 0 |1 0 |2 ddc |3 erb |4 0 |6 530_000000000000000_SER_2015 |7 0 |8 CCM |9 461897 |a BIBCUR |b BIBCUR |h v.1 |i 516902K |l 14 |m 3 |o 530 SER 2015 |p 516902K |r 2025-04-22 |s 2024-09-25 |w 2019-11-23 |y BK |z Catalogado en:20150703 |k CIM | ||
| 952 | |0 0 |1 0 |2 ddc |3 erb |4 0 |6 530_000000000000000_SER_2015 |7 0 |8 CCM |9 461898 |a BIBCUR |b BIBCUR |h v.1 |i 5169011 |l 7 |m 4 |o 530 SER 2015 |p 5169011 |r 2025-04-22 |s 2025-04-16 |w 2019-11-23 |y BK |z Catalogado en:20150703 |k CIM | ||
| 952 | |0 0 |1 0 |2 ddc |3 erb |4 0 |6 530_000000000000000_SER_2015 |7 0 |8 CCM |9 461899 |a BIBCUR |b BIBCUR |h v.2 |i 5169046 |l 4 |m 2 |o 530 SER 2015 |p 5169046 |r 2025-04-22 |s 2025-03-26 |w 2019-11-23 |y BK |z Catalogado en:20150703 |k CIM | ||
| 952 | |0 0 |1 0 |2 ddc |3 erb |4 0 |6 530_000000000000000_SER_2015 |7 0 |8 CCM |9 461900 |a BIBCUR |b BIBCUR |h v.2 |i 5169054 |l 4 |o 530 SER 2015 |p 5169054 |r 2025-04-22 |s 2023-04-18 |w 2019-11-23 |y BK |z Catalogado en:20150703 |k CIM | ||
| 952 | |0 0 |1 0 |2 ddc |3 erb |4 0 |6 530_000000000000000_SER_2015 |7 0 |8 CCM |9 461901 |a BIBCUR |b BIBCUR |h v.2 |i 5169062 |l 9 |m 1 |o 530 SER 2015 |p 5169062 |r 2025-04-22 |s 2025-03-21 |w 2019-11-23 |y BK |z Catalogado en:20150703 |k CIM | ||
| 952 | |0 0 |1 0 |2 ddc |3 erb |4 0 |6 530_000000000000000_SER_2015 |7 0 |8 A |9 461902 |a BIBING |b BIBING |c RES |h v.1 |i 524417K |l 18 |m 3 |o 530 SER 2015 |p 524417K |r 2025-04-21 |s 2025-04-16 |w 2019-11-23 |y BK |z Catalogado en:20151022 |k EIE | ||
| 952 | |0 0 |1 0 |2 ddc |3 erb |4 0 |6 530_000000000000000_SER_2015 |7 0 |8 A |9 461903 |a BIBING |b BIBING |c RES |h v.1 |i 5244161 |l 10 |m 1 |o 530 SER 2015 |p 5244161 |r 2025-03-19 |s 2025-03-12 |w 2019-11-23 |y BK |z Catalogado en:20151022 |k EIE | ||
| 952 | |0 0 |1 0 |2 ddc |3 erb |4 0 |6 530_000000000000000_SER_2015 |7 0 |8 A |9 461904 |a BIBING |b BIBING |c RES |h v.1 |i 5246318 |l 7 |m 2 |o 530 SER 2015 |p 5246318 |r 2025-01-20 |s 2024-03-27 |w 2019-11-23 |y BK |z Catalogado en:20151029 |k EIE | ||
| 952 | |0 0 |1 0 |2 ddc |3 erb |4 0 |6 530_000000000000000_SER_2015 |7 0 |8 A |9 461905 |a BIBING |b BIBING |c RES |h v.2 |i 5246334 |l 8 |m 1 |o 530 SER 2015 |p 5246334 |r 2025-01-20 |s 2023-09-27 |w 2019-11-23 |y BK |z Catalogado en:20151029 |k EIE | ||
| 952 | |0 0 |1 0 |2 ddc |3 erb |4 0 |6 530_000000000000000_SER_2015 |7 0 |8 A |9 461906 |a BIBING |b BIBING |h v.2 |i 5246326 |l 8 |m 1 |o 530 SER 2015 |p 5246326 |r 2025-03-19 |s 2025-03-19 |w 2019-11-23 |y BK |z Catalogado en:20151029 |k EIE | ||
| 952 | |0 0 |1 0 |2 ddc |3 erb |4 0 |6 530_000000000000000_SER_2015 |7 0 |8 A |9 461907 |a BIBING |b BIBING |c RES |h v.2 |i 5246342 |o 530 SER 2015 |p 5246342 |r 2025-01-20 |w 2019-11-23 |y BK |z Catalogado en:20151029 |k EIE | ||